| 000 | 00760nam a22002177a 4500 | ||
|---|---|---|---|
| 999 |
_c19018 _d19018 |
||
| 003 | AR-CdUCM | ||
| 008 | 190516b ||||| |||| 00| 0 spa d | ||
| 040 |
_aMUNICIPALIDAD PROVINCIAL DEL CUSCO _cBIBLIOTECA MUNICIPAL DEL CUSCO |
||
| 082 |
_a985.04 / _bAC188 |
||
| 110 |
_aConcejo provincial de Lima _99155 |
||
| 245 | _aActa de declaración de la Independencia / | ||
| 260 |
_aLima : _bConsejo municipal de Lima, |
||
| 300 |
_a82 páginas ; _c25 cm. |
||
| 500 | _aEdición facsimilar Año del sesquicentenario de la independencia nacional | ||
| 505 | _aContenido: Acta de la independencia. | ||
| 650 |
_aActa de la independencia _940058 |
||
| 650 |
_aSesquicentenario _922173 |
||
| 650 |
_aPerú _935 |
||
| 942 |
_2ddc _cLIBROS |
||
| 945 |
_adavv _d2019-05-16 |
||